EVERY ECW PPV Main Event - Statistics

General Stats
  • This quiz has been taken 108 times
  • The average score is 55 of 70
Answer Stats
Hint Answer % Correct
Heatwave 1998 The Sandman
96%
November to Remember 1999 The Sandman
96%
November to Remember 2000 The Sandman
96%
November to Remember 1998 Rob Van Dam
94%
ECW/FMW Supershow I Rob Van Dam
94%
ECW/FMW Supershow II Rob Van Dam
94%
Heatwave 1999 Rob Van Dam
94%
Anarchy Rulz 1999 Rob Van Dam
94%
Guilty as Charged 2001 Rob Van Dam
94%
Heatwave 1998 Big Dick Dudley
92%
Heatwave 1998 Buh Buh Ray Dudley
92%
ECW/FMW Supershow II Buh Buh Ray Dudley
92%
Hardcore Heaven 1999 Buh Buh Ray Dudley
92%
Heatwave 1998 D-Von Dudley
92%
ECW/FMW Supershow II D-Von Dudley
92%
Heatwave 1998 Spike Dudley
92%
Guilty as Charged 2000 Spike Dudley
92%
Hardcore Heaven 1997 Sabu
90%
November to Remember 1998 Sabu
90%
ECW/FMW Supershow I Sabu
90%
ECW/FMW Supershow II Sabu
90%
Living Dangerously 1999 Sabu
90%
November to Remember 1998 Taz
88%
Guilty As Charged 1999 Taz
88%
Living Dangerously 1999 Taz
88%
Hardcore Heaven 1999 Taz
88%
Heatwave 1998 Tommy Dreamer
88%
ECW/FMW Supershow I Tommy Dreamer
88%
November to Remember 1999 Tommy Dreamer
88%
Heatwave 2000 Tommy Dreamer
88%
Barely Legal 1997 Terry Funk
86%
Hardcore Heaven 1997 Terry Funk
86%
Barely Legal 1997 Raven
84%
November to Remember 1999 Raven
84%
Guilty as Charged 2000 Mike Awesome
78%
Hardcore Heaven 1997 Shane Douglas
78%
November to Remember 1997 Shane Douglas
78%
Living Dangerously 1998 Shane Douglas
78%
Wrestlepalooza 1998 Shane Douglas
78%
November to Remember 1998 Shane Douglas
78%
Guilty As Charged 1999 Shane Douglas
78%
Heatwave 1999 Jerry Lynn
71%
Anarchy Rulz 2000 Jerry Lynn
71%
November to Remember 2000 Jerry Lynn
71%
Massacre on 34th Street Jerry Lynn
71%
Guilty as Charged 2001 Jerry Lynn
71%
Heatwave 1999 Justin Credible
71%
November to Remember 1999 Justin Credible
71%
Hardcore Heaven 2000 Justin Credible
71%
Heatwave 2000 Justin Credible
71%
Anarchy Rulz 2000 Justin Credible
71%
November to Remember 2000 Justin Credible
71%
Massacre on 34th Street Justin Credible
71%
Living Dangerously 1998 Lance Storm
71%
Heatwave 1999 Lance Storm
71%
November to Remember 1999 Lance Storm
71%
Hardcore Heaven 2000 Lance Storm
71%
November to Remember 1999 Rhino
69%
Living Dangerously 2000 Rhino
69%
November to Remember 2000 Steve Corino
69%
Massacre on 34th Street Steve Corino
69%
November to Remember 1997 Bam Bam Bigelow
67%
November to Remember 1998 Bam Bam Bigelow
67%
Living Dangerously 1998 Chris Candido
53%
November to Remember 1998 Chris Candido
53%
Anarchy Rulz 1999 Ballz Mahoney
49%
Living Dangerously 1998 Al Snow
45%
Wrestlepalooza 1998 Al Snow
45%
Living Dangerously 2000 Super Crazy
41%
ECW/FMW Supershow I Hayabusa
25%
No matching quizzes found
Score Distribution
Percent of People with Each Score
Percentile by Number Answered
Your Score History
You have not taken this quiz